Študijný program Gréckokatolíckej bohosloveckej fakulty UPJŠ všeobecná časť, školský rok 1995-1996

Bibliographic Details
Corporate Author: Univerzita Pavla Jozefa Šafárika v Košiciach. Gréckokatolícka bohoslovecká fakulta v Prešove (Author)
Format: Book
Language:Slovak
PhysicalDescription:24 s. tab. 21 cm
Published: Prešov Spolok biskupa Petra Pavla Gojdiča 1995
ISBN:8096734121
Subjects:

MARC

LEADER 00000nam a2200000 a 4500
001 vtls001220486
003 SK-MaSNL
005 20260302065059.0
008 160414s1995 xo a y 0 slo
015 |a SNBE1996/0200836 
020 |a 8096734121 
035 |a SNK000165275 
040 |a SNK  |b slo  |c SNK  |e AACR2 
041 0 |a slo 
044 |a xo  |c SK 
080 |a 378.4.096:281.94(073)"1995/1996"  |2 1981 
110 0 |a Univerzita Pavla Jozefa Šafárika v Košiciach.  |b Gréckokatolícka bohoslovecká fakulta v Prešove  |4 aut  |9 397591 
245 1 |a Študijný program Gréckokatolíckej bohosloveckej fakulty UPJŠ  |b všeobecná časť, školský rok 1995-1996 
260 |a Prešov  |b Spolok biskupa Petra Pavla Gojdiča  |c 1995 
300 |a 24 s.  |b tab.  |c 21 cm 
610 2 7 |a Univerzita Pavla Jozefa Šafárika v Košiciach.  |b Gréckokatolícka bohoslovecká fakulta v Prešove  |9 397591 
650 0 7 |a 1995-1996  |x programy študijné  |2 SNK  |9 390206 
651 7 |a Prešov (Slovensko)  |2 SNK  |9 17347 
655 7 |a informačné publikácie  |2 SNK  |9 70181 
919 |a 80-967341-2-1 
958 |a TL 
958 |a BQ 
999 |c 1140413  |d 1142343 
952 |a SNK  |b SNK  |y PREZ  |7 0  |p 17A0083200  |o snkČSD 2013/1995-1996  |i snkKSP 7852/96  |0 0  |1 0  |4 0  |d 1996-09-25  |l 0  |r 2005-01-01 00:00:00  |w 2026-02-24 
952 |a SNK  |b SNK  |y PREZ  |7 0  |p 17A0011600  |o snkČSD 2013/1995-1996 D1  |i snkKSP 7853/96  |0 0  |1 0  |4 0  |d 1996-09-25  |l 0  |r 2005-01-01 00:00:00  |w 2026-02-24